| 000 | 00885nas a2200289 4500 | ||
|---|---|---|---|
| 001 | BR2010001883 | ||
| 003 | BR-BrBNA | ||
| 005 | 20231205114155.0 | ||
| 007 | ta | ||
| 008 | 230509b bl.|||p| |||| 00| 00por d | ||
| 040 |
_aBR-BrBNA _bpor _cBiblioteca Nacional de Agricultura |
||
| 041 | _a(Pt) | ||
| 072 | _aF06; M11 | ||
| 100 | 1 | _aMiranda, F.R. de | |
| 100 | 1 | _aCavalcante, R.R.R. | |
| 100 | 1 | _aRibeiro, E.M. | |
| 100 | 1 | _aLima, R.N. de | |
| 245 | 1 | _aUso de efluentes da carcinicultura na irrigação de Panicum maximum cvs. Tanzânia e Mombaça | |
| 650 | _aCAPIM COLONIÃO | ||
| 650 | _aIRRIGAÇÃO | ||
| 650 | _aCARCINICULTURA | ||
| 650 | _aSALINIZAÇÃO | ||
| 650 | _aSOLO | ||
| 773 | 0 |
_tRevista Ciência Agronômica (Brazil) _xISSN 0045-6888 _g(Jan-Mar 2010), v. 41(1) p. 46-52 _wBR2010001883 |
|
| 909 |
_a202311 _bLúcia _c55 _dLúcia Elande |
||
| 942 |
_2AGRIS _n0 _cANA |
||
| 999 |
_c207425 _d207425 |
||